Udyoga parvam/ (Record no. 148414)

000 -LEADER
fixed length control field 00344nam a22001457a 4500
082 ## - DEWEY DECIMAL CLASSIFICATION NUMBER
Classification number M803
Item number RAJ/U
100 ## - MAIN ENTRY--PERSONAL NAME
Personal name Rajasekharan
245 ## - TITLE STATEMENT
Title Udyoga parvam/
Statement of responsibility, etc. by Rajasekharan.
260 ## - PUBLICATION, DISTRIBUTION, ETC.
Place of publication, distribution, etc.
Name of publisher, distributor, etc. Sujay,
Date of publication, distribution, etc. 1991.
650 ## - SUBJECT ADDED ENTRY--TOPICAL TERM
Topical term or geographic name entry element Memoirs Malayalam
650 ## - SUBJECT ADDED ENTRY--TOPICAL TERM
Topical term or geographic name entry element Memoirs
650 ## - SUBJECT ADDED ENTRY--TOPICAL TERM
Topical term or geographic name entry element Literature Malayalam
650 ## - SUBJECT ADDED ENTRY--TOPICAL TERM
Topical term or geographic name entry element Literature
942 ## - ADDED ENTRY ELEMENTS (KOHA)
Koha item type Book
Holdings
Withdrawn status Lost status Damaged status Not for loan Permanent Location Current Location Shelving location Date acquired Cost, normal purchase price Total Checkouts Full call number Barcode Date last seen Price effective from Koha item type
        RC Thuravoor RC Thuravoor   14.03.2019 70.00   M803 RAJ/U TH000984 14.03.2019 14.03.2019 Book